WM Kader 2022 Kroatien - Statistiken

Allgemein
  • Dieses Quiz wurde 187 mal gespielt
  • Das Durchschnittsergebnis liegt bei 18 aus 27
Antwortstatistiken
Position NR. Verein Antwort % Korrekt
MF 10 Real Madrid Luka Modric
99%
GK 1 Dinamo Zagreb Dominik Livakovic
90%
DF 20 RB Leipzig Joško Gvardiol
90%
MF 8 Chelsea Mateo Kovacic
89%
ST 9 1899 Hoffenheim Andrej Kramaric
87%
MF 4 Tottenham Hotspur Ivan Perišic
85%
DF 2 Bayern München Josip Stanišic
85%
MF 11 Inter Marcelo Brozovic
81%
DF 19 VfB Stuttgart Borna Sosa
77%
MF 15 Atalanta Mario Pašalic
76%
ST 16 Dinamo Zagreb Bruno Petkovic
74%
DF 21 AEK Athen Domagoj Vida
73%
Coach - Kroatien Zlatko Dalic
71%
ST 17 Osasuna Ante Budimir
66%
MF 7 Stade Rennais Lovro Majer
66%
ST 14 Hajduk Split Marko Livaja
65%
DF 6 Zenit St. Petersburg Dejan Lovren
60%
DF 22 Celtic Josip Juranovic
60%
MF 25 RB Salzburg Luka Sucic
59%
MF 13 Torino Nikola Vlašic
59%
ST 18 Dinamo Zagreb Mislav Oršic
54%
DF 24 Dinamo Zagreb Josip Šutalo
53%
MF 26 Eintracht Frankfurt Kristijan Jakic
49%
DF 3 Rangers Borna Barišic
41%
GK 12 Atletico Madrid Ivo Grbic
40%
DF 5 Sassuolo Martin Erlic
39%
GK 23 Osijek Ivica Ivušic
31%
Keine übereinstimmenden Quizze gefunden
Verteilung der Resultate
Anzahl Personen mit jedem Resultat
Perzentil nach korrekt beantworteten Fragen
Ihre Resultats-Entwicklung
Sie haben dieses Quiz noch nicht gespielt